Normal view
MARC view
- UK Green Building Council
Entry Corporate Name
001 - CONTROL NUMBER
- control field: 5440
003 - CONTROL NUMBER IDENTIFIER
- control field: SIRSI
005 - DATE AND TIME OF LATEST TRANSACTION
- control field: 20190806150243.0
008 - FIXED-LENGTH DATA ELEMENTS
- fixed length control field: 071102n| acannaabn |n ana d
040 ## - CATALOGING SOURCE
- Original cataloging agency: OSt
- Transcribing agency: OSt
110 2# - HEADING--CORPORATE NAME
- Corporate name or jurisdiction name as entry element: UK Green Building Council
670 ## - SOURCE DATA FOUND
- Source citation: UK-GBC to report to government on zero carbon definition, 2007